| 000 | 00564nam a22001577a 4500 | ||
|---|---|---|---|
| 999 |
_c534675 _d534675 |
||
| 020 | _qHard Cover. | ||
| 082 | _a624.1 | ||
| 100 | _aRaza, Ali | ||
| 245 |
_a Comparative analysis of delay contributers in Askari, Bahria and DHA housing schemes in Pakistan / _cAli Raza. |
||
| 260 |
_aIslamabad : _bNIT - NUST, _c2012. |
||
| 300 |
_axii, 117 p. ill. : _c30cm. |
||
| 942 |
_2ddc _cTHE |
||
| 650 |
_aConstruction Engineering and Management - MS Thesis. _917023 |
||
| 700 |
_aAsstt. Prof. Dr. Babar Khan. _928981 |
||